Top 200 NHL Points - Statistics

General Stats
  • This quiz has been taken 4,948 times
  • The average score is 80 of 200
Answer Stats
# Hint Answer % Correct
1 2857 Wayne Gretzky
99%
43 1216 Sidney Crosby
96%
45 1211 Alexander Ovechkin
95%
2 1921 Jaromir Jagr
94%
4 1850 Gordie Howe
92%
8 1723 Mario Lemieux
90%
3 1887 Mark Messier
87%
52 1170 Bobby Hull
84%
23 1391 Brett Hull
84%
110 915 Bobby Orr
81%
176 786 Claude Lemieux
81%
102 938 Patrick Kane
80%
88 1002 Evgeni Malkin
79%
9 1641 Joe Sakic
79%
7 1755 Steve Yzerman
79%
16 1457 Teemu Selanne
79%
95 966 Maurice Richard
78%
72 1046 Henri Richard
77%
21 1398 Jari Kurri
77%
14 1478 Joe Thornton
76%
10 1590 Phil Esposito
75%
27 1353 Guy Lafleur
73%
6 1771 Marcel Dionne
71%
11 1579 Ray Bourque
71%
73 1041 Daniel Sedin
70%
65 1070 Henrik Sedin
70%
199 755 Jonathan Toews
70%
28 1349 Mats Sundin
70%
24 1374 Mike Modano
70%
59 1126 Mike Bossy
69%
53 1166 Patrick Marleau
69%
13 1531 Paul Coffey
69%
119 885 Peter Forsberg
68%
188 766 Steve Stamkos
67%
34 1300 Jarome Iginla
65%
5 1798 Ron Francis
65%
75 1033 Martin St. Louis
64%
15 1467 Stan Mikita
64%
17 1425 Bryan Trottier
62%
22 1394 Luc Robitaille
62%
56 1142 Nicklas Lidstrom
62%
178 779 Pavel Bure
62%
128 865 Eric Lindros
60%
51 1179 Sergei Fedorov
60%
46 1210 Bobby Clarke
59%
54 1157 Daniel Alfredsson
58%
117 888 Anze Kopitar
56%
158 813 Patrice Bergeron
56%
20 1409 Dale Hawerchuk
54%
41 1219 Jean Beliveau
54%
108 918 Pavel Datsyuk
54%
67 1065 Keith Tkachuk
53%
100 949 Vincent Lecavalier
53%
180 776 Corey Perry
52%
106 923 Ryan Getzlaf
52%
26 1354 Brandon Shanahan
51%
96 960 Henrik Zetterberg
51%
57 1134 Marian Hossa
51%
12 1533 Mark Recchi
51%
79 1028 Brian Leetch
50%
29 1338 Dave Andreychuk
50%
136 850 Ilya Kovalchuk
50%
18 1420 Adam Oates
49%
86 1006 Lanny McDonald
49%
84 1013 Pat Lafontaine
49%
101 948 Chris Chelios
48%
31 1335 Mike Gartner
48%
123 873 Nicklas Backstrom
48%
89 989 Paul Kariya
48%
36 1274 Al MacInnis
47%
74 1036 Bobby Smith
47%
71 1052 Denis Potvin
47%
112 908 Scott Stevens
47%
19 1414 Doug Gilmour
46%
38 1239 Peter Stastny
46%
164 805 Rick Nash
46%
144 832 Saku Koivu
46%
30 1338 Denis Savard
45%
44 1216 Jeremy Roenick
45%
60 1126 Joe Nieuwendyk
45%
25 1369 Johnny Bucyk
45%
80 1025 Patrik Elias
45%
171 791 Dany Heatley
44%
92 974 Eric Staal
44%
33 1326 Gilbert Perreault
44%
77 1032 Alexander Mogilny
43%
63 1099 Glenn Anderson
43%
50 1184 Rod Brind'Amour
43%
94 972 Shane Doan
43%
190 762 Claude Giroux
41%
98 958 Larry Robinson
41%
124 869 Markus Naslund
41%
148 823 Phil Kessel
40%
49 1200 Dino Ciccarelli
39%
191 761 Joe Pavelski
39%
64 1088 Theoren Fleury
39%
32 1327 Pierre Turgeon
38%
179 777 Rob Blake
38%
61 1121 Darryl Sittler
37%
105 932 Brad Richards
36%
109 915 Jason Spezza
36%
116 892 Peter Bondra
36%
156 815 Marian Gaborik
35%
145 829 Brent Sutter
34%
39 1232 Phil Housley
34%
126 867 Trevor Linden
34%
78 1029 Alexei Kovalev
33%
152 819 John Leclair
33%
174 787 Borje Salming
32%
62 1103 Frank Mahovlich
32%
47 1209 Bernie Nicholls
31%
55 1153 Michel Goulet
31%
163 805 Milan Hejduk
31%
135 851 Ted Lindsay
31%
35 1281 Alex Delvecchio
30%
42 1217 Larry Murphy
30%
48 1205 Vincent Damphousse
30%
129 863 Yves Cournoyer
30%
37 1267 Jean Ratelle
29%
183 773 Pete Mahovlich
29%
150 822 Bernie Geoffrion
28%
137 844 Gary Suter
28%
120 885 Owen Nolan
28%
82 1021 Rod Gilbert
28%
58 1130 Bernie Federko
27%
175 786 Justin Williams
27%
184 771 Sergei Zubov
27%
177 781 Alexei Yashin
26%
91 986 Dave Keon
26%
69 1063 Joe Mullen
26%
140 842 Ryan Smyth
26%
154 817 Steve Shutt
26%
111 910 Gary Roberts
25%
70 1062 Pat Verbeek
25%
121 883 Bill Barber
24%
76 1033 Doug Weight
24%
115 896 Brad Park
23%
81 1022 Brian Bellows
23%
83 1020 Dale Hunter
23%
66 1069 Dave Taylor
23%
149 823 Red Kelly
23%
143 835 Jacques Lemaire
22%
40 1229 Norm Ullman
22%
161 809 Pit Martin
22%
85 1012 Steve Larmer
22%
113 900 Tony Amonte
22%
93 973 Andy Bathgate
21%
147 827 Doug Wilson
21%
103 938 Jason Arnott
21%
99 952 Rick Tocchet
21%
160 811 Sergei Gonchar
21%
185 770 Todd Bertuzzi
21%
132 856 Bill Guerin
20%
186 768 Pavol Demitra
20%
198 756 Scott Gomez
20%
104 933 Steve Thomas
20%
134 853 Vyacheslav Kozlov
20%
87 1004 Brian Propp
19%
97 959 Kirk Muller
19%
114 898 Ray Ferraro
19%
68 1064 Ray Whitney
19%
107 923 Neal Broten
18%
90 988 Rick Middleton
18%
130 863 Alex Tanguay
17%
153 819 Stephane Richer
17%
172 789 Thomas Vanek
17%
155 817 Tom Steen
17%
118 888 Butch Goring
16%
122 878 Dennis Maruk
16%
139 842 John MacLean
16%
173 788 Rick Vaive
16%
166 800 Ken Hodge
14%
133 856 Tomas Sandstrom
14%
169 793 Wayne Cashman
13%
167 799 Geoff Courtnall
12%
142 836 John Tonelli
12%
193 760 Kevin Dineen
12%
170 793 Mike Ribeiro
12%
151 822 Pierre Larouche
12%
195 759 Rick MacLeish
12%
141 840 Scott Mellanby
12%
189 765 Vaclav Prospal
12%
125 869 Cliff Ronning
11%
168 794 Ed Olczyk
11%
197 757 Scott Young
11%
165 804 Gary Unger
10%
181 774 Jean Pronovost
10%
146 827 John Ogrodnick
10%
187 767 Rick Kehoe
10%
192 761 Brian Rolston
9%
182 773 Dave Christian
8%
162 807 Ken Linseman
8%
200 752 Steven Duchense
8%
157 814 Wilf Paiement
8%
131 860 Dean Prentice
7%
127 866 Ivan Boldirev
7%
196 758 Mike Ridley
7%
194 759 Murray Craven
7%
138 843 Tom Lysiak
7%
159 813 Peter McNab
6%
No matching quizzes found
Score Distribution
Percent of People with Each Score
Percentile by Number Answered
Your Score History
You have not taken this quiz